000 00518nam a22001817a 4500
005 20170331144325.0
010 _aENG-117676
020 _a9789382633358
_c700.00
035 _aEN-101208
037 _bDABD/PUB
082 _a230.64
100 _aDwivedi, Richa
245 _aHinduism :
_cby Richa Dwivedi
_b worship & festival /
260 _aAllahabad
_bShabd Prakashan
_c2016
270 _a116/70, Lukerganj
_bAllahabad
_e211001
300 _a160p.
_c21cm(Hb)
942 _2ddc
_cEN
_h230.64
_mDWI
999 _c138605
_d138605